00382nam a2200157 a 4500008004100000020001500041050001500056100001500071245001900086250001200105260004800117300002000165350000900185650001100194650001900205120416s1999 ||||||||||||||||| || u a0521644976 aQK 882 Hal aHall, D. O10aPhotosynthesis a6th ed. aCambridgebCambridge University Pressc1999 ax, 214p. : ill. a0.00 aPLANTS aPHOTOSYNTHESIS